[Event "TUR-chT2"]
[Site "Konya"]
[Date "2017.07.09"]
[Round "1.23"]
[White "Topbas, Ilter"]
[Black "Ergin, Merih"]
[Result "0-1"]
[WhiteElo "1226"]
[BlackElo "1487"]
[PlyCount "85"]
[EventDate "2017.07.09"]
[EventType "team-swiss"]
[EventRounds "9"]
[EventCountry "TUR"]
[SourceTitle "CBM 179 Extra"]
[Source "ChessBase"]
[SourceDate "2017.08.23"]
[SourceVersion "1"]
[SourceVersionDate "2017.08.23"]
[SourceQuality "1"]
[WhiteTeam "Meslek Lise"]
[BlackTeam "Koycegiz Su Sporlari"]
[WhiteTeamCountry "TUR"]
[BlackTeamCountry "TUR"]

1. d4 d5 2. c4 e6 3. Nf3 Nf6 4. Bg5 Be7 5. Nc3 c6 6. Bxf6 Bxf6 7. e3 0-0 8. cxd5 exd5 9. Bd3 Bg4 10. Qc2 g6 11. 0-0-0 Na6 12. a3 Nc7 13. Kb1 a6 14. h3 Be6 15. g4 Nb5 16. Ne2 Qb6 17. Ka1 Rfc8 18. Rdg1 c5 19. Qb1 cxd4 20. exd4 Nxd4 21. Nexd4 Bxd4 22. Nxd4 Qxd4 23. Rf1 Qf4 24. f3 Rc5 25. h4 Ra5 26. Qc2 Rc8 27. Qe2 b5 28. h5 g5 29. Qe1 b4 30. Kb1 Rb8 31. h6 Ra4 32. Bc2 bxa3 33. Qc3 Rxb2+ 34. Ka1 Qd4 35. Qxd4 Rxd4 36. Rb1 Rdb4 37. Rhc1 d4 38. Rxb2 axb2+ 39. Kb1 bxc1Q+ 40. Kxc1 Rc4 41. Kd2 a5 42. f4 gxf4 43. Ba4 0-1